[Event "Elista ol (Men)"]
[Site "Elista"]
[Date "1998.10.04"]
[Round "6"]
[White "Morozevich, Alexander"]
[Black "Sulskis, Sarunas"]
[Result "1/2-1/2"]
[WhiteElo "2625"]
[BlackElo "2555"]

1.e4 c5 2.Nf3 e6 3.Nc3 Nc6 4.d4 cxd4 5.Nxd4 Bb4 6.Nb5 a6 7.Nd6+ Ke7 8.Nxc8+ Rxc8
9.Bd3 Nf6 10.O-O Bxc3 11.bxc3 d6 12.Rb1 Qc7 13.Qe1 e5 14.Qe3 Rhe8 15.Qh3 h6
16.Qh4 Nd8 17.f4 Ne6 18.fxe5 dxe5 19.Kh1 Nc5 20.Rf3 Nxd3 21.Rxd3 Kf8 22.Bxh6 gxh6
23.Qxf6 Re6 24.Qf5 Kg7 25.Rf1 Rg8 26.Rdf3 Kh8 27.Qh3 Rg7 28.Rf6 Qd6 29.Rxe6 Qxe6
30.Qxe6 fxe6 31.Rf6 Kh7 32.Rxe6 Rc7 33.Rb6 Rxc3 34.Rxb7+ Kg6 35.Rb2 Re3 36.Kg1 Rxe4
37.Kf2 Kf5 38.c3 Rc4 39.Rb3 a5 40.h3 h5 41.Ke2 a4 42.Rb4 Rxc3 43.Rxa4 e4
44.Ra8  1/2-1/2

[Event "Elista ol (Men)"]
[Site "Elista"]
[Date "1998.10.09"]
[Round "10"]
[White "Romanishin, Oleg M"]
[Black "Morozevich, Alexander"]
[Result "0-1"]
[WhiteElo "2600"]
[BlackElo "2625"]

1.d4 d5 2.c4 c6 3.Nf3 Nf6 4.Nc3 dxc4 5.Ne5 Nbd7 6.Nxc4 b5 7.Ne3 Bb7 8.g3 c5
9.d5 a6 10.Bg2 g6 11.O-O Bg7 12.a4 b4 13.Nb1 a5 14.Qc2 Nb6 15.Rd1 O-O 16.Nd2 Ne8
17.Nb3 Nd6 18.Qxc5 Nd7 19.Qc2 Rc8 20.Qd2 Qb6 21.Nd4 Nc5 22.Rb1 Nce4 23.Bxe4 Nxe4
24.Qd3 Nc5 25.Qb5 Qxb5 26.Nxb5 Nb3 27.Bd2 Rfd8 28.Be1 Ba6 29.Kf1 Rd7 30.d6 exd6
31.Nxd6 Rcd8 32.Nb5 Rxd1 33.Rxd1 Rxd1 34.Nxd1 Nc5 35.Nc7 Bc4 36.Ne3 Bb3 37.Ncd5 Bxb2
38.Ne7+ Kg7 39.Nc6 Nb7 40.Nxa5 Nxa5 41.Bxb4 Nc6 42.Bd2 Bxa4 43.Nc4 Bd4 44.Nd6 Ne7
45.f3 Bd7 46.e4 Nc8 47.Nb7 Nb6 48.Bb4 Bb5+ 49.Kg2 Nc4 50.Bc5 Bxc5 51.Nxc5 Kf6
52.Kf2 Ke5 53.Nb3 Kd6 54.h4 Ba4 55.Nd4 Kc5 56.Ne2 Ne5 57.Ke3 Kc4 58.Ng1 Bd1
59.Kf4 Kd4 60.g4 h6  0-1

[Event "Elista ol (Men)"]
[Site "Elista"]
[Date "1998.10.11"]
[Round "12"]
[White "Lutz, Christopher"]
[Black "Morozevich, Alexander"]
[Result "0-1"]
[WhiteElo "2600"]
[BlackElo "2625"]

1.e4 e6 2.d4 d5 3.Nc3 Nf6 4.e5 Nfd7 5.f4 c5 6.Nf3 a6 7.Be3 Qb6 8.Na4 Qa5+
9.c3 cxd4 10.b4 Qc7 11.Qxd4 Nc6 12.Qd2 b5 13.Nb2 f6 14.exf6 Nxf6 15.Bd3 Bd6
16.O-O O-O 17.a4 Rb8 18.axb5 axb5 19.Nd4 Nxd4 20.Bxd4 Ne4 21.Bxe4 dxe4 22.Be3 Bb7
23.c4 g5 24.cxb5 gxf4 25.b6 fxe3 26.bxc7 Rxf1+ 27.Rxf1 exd2 28.cxb8=Q+ Bxb8
29.Nd1 Ba7+ 30.Rf2 Ba6  0-1

[Event "Elista ol (Men)"]
[Site "Elista"]
[Date "1998.10.12"]
[Round "13"]
[White "Van Wely, Loek"]
[Black "Morozevich, Alexander"]
[Result "0-1"]
[WhiteElo "2635"]
[BlackElo "2625"]

1.d4 d5 2.c4 c6 3.Nc3 Nf6 4.Nf3 dxc4 5.a4 Bf5 6.Ne5 Nbd7 7.Nxc4 Qc7 8.g3 e5
9.dxe5 Nxe5 10.Bf4 Nfd7 11.Bg2 f6 12.O-O Nc5 13.Ne3 Bg6 14.b4 Ne6 15.b5 Rd8
16.Qb3 Bf7 17.Qb1 Bc5 18.bxc6 bxc6 19.Bxe5 fxe5 20.Qe4 O-O 21.Qxc6 Qxc6 22.Bxc6 Nd4
23.Bb5 Nb3 24.Rad1 Nd2 25.Rfe1 Bb4 26.Rc1 Nb3 27.Ne4 h6 28.Red1 Nxc1 29.Rxc1 Rc8
30.Rb1 a5 31.Ng4 Bd5 32.f3 Bxe4 33.fxe4 Bc5+ 34.Kg2 Bd4 35.h4 Rc3 36.h5 Rfc8
37.Nh2 Rc1 38.Rxc1 Rxc1 39.Nf3 Kf7 40.Kh3 Kf6 41.Kg4 Be3 42.Nh4 Rb1 43.Bc6 Rb6
44.Bd5 Rb4 45.Bc6 Bg5 46.Nf5 Rc4 47.Bb5 Rxe4+ 48.Kf3 Rb4 49.Nd6 Ke6 50.Nc4 Bd8
51.Ke4 Bc7 52.g4 Bd8 53.Kd3 Kd5 54.e4+ Ke6 55.Kc3 Rb1 56.Ba6 Bc7 57.Ne3 Rc1+
58.Kd2 Ra1 59.Bc4+ Kd6 60.Bb3 Kc5 61.Nf5 Rg1 62.Bd1 Bd8 63.Nxg7 Bg5+ 64.Kc2 Kb4
65.Ne6 Rg2+ 66.Kb1 Kc3 67.Nc7 Rg1 68.Nd5+ Kd2  0-1

[Event "Bundesliga 9899"]
[Site "Germany"]
[Date "1998.11.21"]
[Round "3.1"]
[White "Short, Nigel D"]
[Black "Morozevich, Alexander"]
[Result "1-0"]
[WhiteElo "2660"]
[BlackElo "2590"]

1.e4 e6 2.d4 d5 3.Nc3 Nf6 4.Bg5 Bb4 5.e5 h6 6.Bd2 Bxc3 7.bxc3 Ne4 8.Qg4 Kf8
9.Nf3 c5 10.Bd3 Nxd2 11.Kxd2 c4 12.Be2 Nc6 13.a4 Bd7 14.h4 a6 15.Qf4 b5 16.g4 b4
17.cxb4 Nxb4 18.c3 Nc6 19.Rhb1 Rb8 20.Bd1 Na5 21.Ke1 Nb3 22.Bxb3 cxb3 23.Qc1 g5
24.Qa3+ Kg7 25.Rxb3 Rxb3 26.Qxb3 h5 27.gxh5 g4 28.Nd2 Rxh5 29.Ke2 Qxh4 30.Rg1 Rf5
31.Rg3 Rf4 32.Nf1 f5 33.Qb7 Qe7 34.Qxa6 Re4+ 35.Re3 Rxe3+ 36.Nxe3 Be8 37.a5 Bh5
38.Qd6 Qf7 39.Qd8 g3+ 40.Kf1 f4 41.Qg5+ Kf8 42.Ng2 Be2+ 43.Ke1 f3 44.Nf4 g2
45.Nxe2 fxe2 46.Qxg2 Qf5 47.Qg3 Qc2 48.Qf4+ Ke8 49.Qd2 Qa4 50.Kxe2 Qxa5 51.Qd3 Kd8
52.Kf3 Qa1 53.Kg4 Qh1 54.Qf3 Qh7 55.Qf8+  1-0

[Event "Bundesliga 9899"]
[Site "Germany"]
[Date "1998.11.22"]
[Round "4.1"]
[White "Morozevich, Alexander"]
[Black "Georgiev, Kiril"]
[Result "1/2-1/2"]
[WhiteElo "2590"]
[BlackElo "2675"]

1.e4 e5 2.Nf3 Nc6 3.Bb5 a6 4.Ba4 Nf6 5.O-O b5 6.Bb3 Bc5 7.a4 Rb8 8.axb5 axb5
9.c3 d6 10.d4 Bb6 11.Na3 O-O 12.Nxb5 exd4 13.cxd4 Bg4 14.Bc2 d5 15.e5 Ne4
16.Be3 f6 17.h3 Bh5 18.e6 Re8 19.Nc3 Nxc3 20.bxc3 Rxe6 21.Bf5 Re8 22.Qd3 g6
23.g4 gxf5 24.gxh5 Qd7 25.Bh6 Kf7 26.Kh1 Ne7 27.Rg1 Rg8 28.Nh4 c5 29.Bf4 Rxg1+
30.Rxg1 Rg8 31.Re1 cxd4 32.cxd4 Ba7 33.Bc1 Bb8 34.Ba3 Re8 35.Rxe7+ Rxe7 36.Bxe7 Qxe7
37.Nxf5 Qe4+ 38.Qxe4 dxe4 39.d5 Ke8 40.Kg2 Kd7 41.Ng3 Kd6 42.Nxe4+ Ke5 43.Kf3 f5
44.Nc5 Ba7 45.Nd7+ Kxd5 46.Nf6+ Ke6 47.Nxh7 Kf7 48.Ng5+ Kf6 49.h4 Kg7 50.Ne6+ Kh6
51.Nf4 Bb8 52.Ke3 Ba7+ 53.Ke2 Bb8 54.Kf3 Ba7 55.Nd5 Kxh5 56.Ne3 Kxh4 57.Kf4 Kh5
58.Kxf5 Kh6 59.Ng4+ Kg7 60.f4 Bd4 61.Ke6 Ba1 62.Ne5 Bb2 63.f5 Bxe5  1/2-1/2

[Event "Torneo de Pamplona 9th"]
[Site "Pamplona"]
[Date "1998.12.27"]
[Round "1"]
[White "Comas Fabrego, Luis"]
[Black "Morozevich, Alexander"]
[Result "0-1"]
[WhiteElo "2540"]
[BlackElo "2625"]

1.c4 e5 2.Nc3 Nf6 3.e3 Bb4 4.Qc2 O-O 5.a3 Bxc3 6.Qxc3 Re8 7.Nf3 e4 8.Nd4 c5
9.Ne2 Nc6 10.b3 d5 11.cxd5 Ne5 12.Nf4 Nxd5 13.Nxd5 Qxd5 14.Bb2 f6 15.Qxe5 Rxe5
16.Bc4 Qxc4 17.bxc4 Rg5 18.Rg1 Bh3 19.Kf1 Be6 20.Rc1 Rd8 21.Ke2 Rd6 22.h4 Rg4
23.g3 Rg6 24.d4 exd3+ 25.Kd2 Rg4 26.f4 Bf5  0-1

[Event "Torneo de Pamplona 9th"]
[Site "Pamplona"]
[Date "1998.12.28"]
[Round "2"]
[White "Morozevich, Alexander"]
[Black "De la Villa Garcia, Jesus Maria"]
[Result "1/2-1/2"]
[WhiteElo "2625"]
[BlackElo "2500"]

1.e4 c5 2.Nf3 Nc6 3.Bb5 a6 4.Bxc6 dxc6 5.O-O Bg4 6.h3 Bh5 7.d3 Qc7 8.Be3 e5
9.Nbd2 Bd6 10.a4 a5 11.Nc4 Ne7 12.c3 O-O 13.g4 Bg6 14.Qb3 Rfd8 15.Rfd1 Rab8
16.Qb6 Qxb6 17.Nxb6 f6 18.Nd2 Bc7 19.Bxc5 Bxb6 20.Bxb6 Rxd3 21.f3 Bf7 22.Kf2 Ng6
23.Nf1 Nf4 24.Ne3 Nxh3+ 25.Ke1 Nf4 26.Rd2 h5 27.Rad1 Rxd2 28.Rxd2 hxg4 29.fxg4 Be6
30.Bc7 Ra8 31.g5 Kf7 32.gxf6 gxf6 33.Rh2 Kg6 34.Kd2 b5 35.axb5 cxb5 36.Ng2 Nh3
37.Ke3 a4 38.Nh4+ Kf7 39.Nf5 a3 40.Nd6+ Ke7 41.bxa3 Rxa3 42.Nxb5 Rb3 43.Bd6+ Kf7
44.Bb4 Rb1 45.Nd6+ Kg6 46.Rg2+ Ng5 47.Kd3 f5 48.exf5+ Bxf5+ 49.Kc4 Bh3 50.Rg3 Be6+
51.Kc5 Re1 52.c4  1/2-1/2

[Event "Torneo de Pamplona 9th"]
[Site "Pamplona"]
[Date "1998.12.29"]
[Round "3"]
[White "Illescas Cordoba, Miguel"]
[Black "Morozevich, Alexander"]
[Result "0-1"]
[WhiteElo "2605"]
[BlackElo "2625"]

1.d4 d5 2.c4 c6 3.e3 Nf6 4.Bd3 e5 5.Nc3 e4 6.Bc2 Bd6 7.f3 exf3 8.Nxf3 O-O
9.O-O Re8 10.Bd3 h6 11.Qb3 b6 12.cxd5 cxd5 13.Kh1 Be6 14.Qa4 Nbd7 15.Qa6 Rc8
16.Bd2 Ne4 17.Qxa7 Ra8 18.Qb7 Ndc5 19.dxc5 Nxc5 20.Qc6 Nxd3 21.Qb5 Nc5 22.Rad1 Bc8
23.Nxd5 Ba6 24.Qxb6 Bxf1 25.Rxf1 Rxa2 26.Qxd8 Rxd8 27.Bc3 Ne4 28.Bd4 Bc5
29.Nc3 Nxc3 30.bxc3 Bxd4 31.Nxd4 Rc8 32.Nb5 Rc5 33.Nd6 Rxc3 34.h3 Rcc2  0-1

[Event "RUS-Cup02"]
[Site "Moscow"]
[Date "1998.??.??"]
[Round "9"]
[White "Morozevich, Alexander"]
[Black "Galkin, Alexander"]
[Result "1/2-1/2"]
[WhiteElo "2590"]
[BlackElo "2565"]

1.e4 c6 2.d4 d5 3.e5 Bf5 4.Nf3 e6 5.Be2 c5 6.Be3 cxd4 7.Nxd4 Ne7 8.Bg5 Qa5+
9.Qd2 Qxd2+ 10.Nxd2 Bg6 11.Nb5 Kd7 12.c4 Nbc6 13.Nf3 Be4 14.Rd1 Bxf3 15.Bxf3 Nxe5
16.Be2 f6 17.Bc1 a6 18.Nc3 Kc6 19.cxd5+ Nxd5 20.Bd2 Rd8 21.f4 Nxc3 22.Bxc3 Rxd1+
23.Kxd1 Ng6 24.Bf3+ Kc7 25.g3 Bd6 26.Ke2 Ne7 27.Ba5+ Kd7 28.Rd1 Nc6 29.Bb6 Ke7
30.a3 Rc8 31.Rd3 e5 32.f5 Nd4+ 33.Bxd4 exd4 34.Bxb7 Rc2+ 35.Rd2 Rxd2+ 36.Kxd2 a5
37.Kd3 Be5 38.Be4 Kd6 39.b4 axb4 40.axb4 Kc7 41.Kc4 Kb6 42.Bd3 h5 43.Kd5 h4
44.gxh4 Bxh2  1/2-1/2

[Event "RUS-Cup"]
[Site "Omsk/Perm"]
[Date "1998.??.??"]
[Round "1"]
[White "Morozevich, Alexander"]
[Black "Batsanin, Dmitry"]
[Result "1-0"]
[WhiteElo "2590"]
[BlackElo "2370"]

1.e4 c5 2.d3 Nc6 3.g3 d5 4.Nd2 g6 5.Bg2 e6 6.Ngf3 Bg7 7.O-O Nge7 8.Re1 b6
9.Nf1 a5 10.e5 Qc7 11.Bf4 h6 12.h4 Bb7 13.c3 O-O-O 14.d4 cxd4 15.cxd4 Ba6
16.Rc1 Kb7 17.Re3 Qd7 18.N1h2 Rc8 19.Rec3 Nf5 20.Ng4 Na7 21.Qd2 Rxc3 22.bxc3 Qa4
23.Qb2 Rc8 24.Nf6 Bf8 25.Rb1 Qb5 26.g4 Ne7 27.Nd7 Bg7 28.Nxb6  1-0

[Event "RUS-Cup"]
[Site "Omsk/Perm"]
[Date "1998.??.??"]
[Round "8"]
[White "Fominyh, Alexander"]
[Black "Morozevich, Alexander"]
[Result "1/2-1/2"]
[WhiteElo "2530"]
[BlackElo "2590"]

1.d4 Nf6 2.c4 g6 3.Nf3 Bg7 4.g3 O-O 5.Bg2 d6 6.O-O Nc6 7.Nc3 a6 8.h3 Bd7
9.e4 e5 10.Be3 exd4 11.Nxd4 Re8 12.Nxc6 Bxc6 13.Qc2 b5 14.Rfd1 Qc8 15.c5 b4
16.Nd5 Nxd5 17.exd5 Bd7 18.Kh2 a5 19.Qd2 Ba4 20.Re1 Qf5 21.Bd4 dxc5 22.Bxg7 Kxg7
23.Rec1 Qf6 24.Rxc5 Re7 25.Rf1 Rb8 26.f4 Bb5 27.Rf2 Kg8 28.a4 Bxa4 29.Rxa5 Bd7
30.Rc5 Qd6 31.Qd4 Rb6 32.b3 Rb5 33.Rc4 Re8 34.Rfc2 Rb7 35.Ra2 Bb5 36.Rxb4 Rb6
37.Rc2 Reb8 38.Qc3 R6b7 39.Rf2 Ba6 40.Rxb7 Bxb7 41.Rd2 Rd8 42.Rd4 Re8 43.b4 Rb8
44.Rd2 Rd8 45.b5 Bc8 46.Qe5 Bb7 47.Rc2 Rd7 48.Qxd6 Rxd6 49.Rxc7 Bxd5 50.Bxd5 Rxd5
51.b6 Rd2+ 52.Kg1 Rb2 53.b7 Kg7 54.Kf1 Kf6 55.Ke1 h5 56.Kd1 Ke6 57.Kc1 Rb5
58.Kd2 f6 59.Kc3 Kd5 60.Rd7+ Kc6 61.Kc4 Rc5+ 62.Kd4 Rb5 63.Rg7 Rb4+ 64.Kc3 Rxb7
65.Rxg6 Kd5 66.Rxf6 Ke4 67.Rd6 Rg7 68.Kd2 h4 69.Re6+ Kd4 70.g4 Ra7 71.Ke2 Ra2+
72.Kf3 Ra3+ 73.Kg2 Ra2+ 74.Kf3 Ra3+ 75.Kf2 Rxh3 76.g5 Rg3 77.Rf6  1/2-1/2

[Event "Torneo de Pamplona 9th"]
[Site "Pamplona"]
[Date "1999.01.02"]
[Round "6"]
[White "Krasenkow, Michal"]
[Black "Morozevich, Alexander"]
[Result "1/2-1/2"]
[WhiteElo "2655"]
[BlackElo "2625"]

1.d4 d5 2.c4 c6 3.Nc3 e5 4.dxe5 d4 5.Ne4 Qa5+ 6.Bd2 Qxe5 7.Ng3 Nf6 8.Nf3 Qd6
9.Qc2 Be7 10.O-O-O O-O 11.e3 dxe3 12.fxe3 Qc7 13.Bc3 c5 14.Nf5 Nc6 15.a3 Bxf5
16.Qxf5 g6 17.Qf4 Qxf4 18.exf4 Ne4 19.Rd7 Bd6 20.g3 Rad8 21.Rxd8 Rxd8 22.Bg2 Nxc3
23.bxc3 Na5 24.Nd2 Re8 25.Ne4 Re6 26.Nxd6 Rxd6 27.Rd1 Rxd1+ 28.Kxd1 f5 29.Bd5+  1/2-1/2

[Event "Torneo de Pamplona 9th"]
[Site "Pamplona"]
[Date "1999.01.03"]
[Round "7"]
[White "Morozevich, Alexander"]
[Black "Vallejo Pons, Francisco"]
[Result "1-0"]
[WhiteElo "2625"]
[BlackElo "2450"]

1.e4 e6 2.d4 d5 3.Nc3 Nf6 4.Bg5 Bb4 5.e5 h6 6.Bd2 Bxc3 7.bxc3 Ne4 8.Qg4 Kf8
9.Nf3 c5 10.Bd3 Nxd2 11.Kxd2 Nc6 12.Qf4 Qe7 13.dxc5 Qxc5 14.Nd4 Bd7 15.Rhb1 Nd8
16.a4 Rc8 17.Rb3 a6 18.h4 Rc7 19.g4 Nc6 20.Nxc6 Bxc6 21.Qb4 Qxb4 22.cxb4 Bd7
23.Rc3 Rxc3 24.Kxc3 Ke7 25.Kd4 h5 26.gxh5 Rxh5 27.b5 b6 28.a5 Rxh4+ 29.Kc3 Bxb5
30.Bxb5 axb5 31.a6 Rh8 32.Kb4 Kd7 33.Kxb5 Kc7 34.Ra3 f6 35.Rg3 Rh7 36.Rc3+ Kb8
37.Kxb6 Rh8 38.a7+ Ka8 39.exf6 gxf6 40.Rc7 Rd8 41.Rc6 Re8 42.f4 d4 43.Rd6 e5
44.f5 Rf8 45.Ka6 Rc8 46.Kb6 Rf8 47.Re6 Rd8 48.Kc7 Rf8 49.Kd7 Rf7+ 50.Ke8 Rc7
51.Rxf6 Rxc2 52.Rd6 e4 53.f6 e3 54.Rxd4 Rf2 55.f7  1-0

[Event "Torneo de Pamplona 9th"]
[Site "Pamplona"]
[Date "1999.01.05"]
[Round "9"]
[White "Morozevich, Alexander"]
[Black "Van Wely, Loek"]
[Result "1-0"]
[WhiteElo "2625"]
[BlackElo "2635"]

1.e4 c5 2.Nf3 d6 3.d4 cxd4 4.Nxd4 Nf6 5.Nc3 a6 6.f3 e5 7.Nb3 Be6 8.Be3 Nbd7
9.Qd2 h5 10.a4 Be7 11.Be2 Nb6 12.O-O Nc4 13.Bxc4 Bxc4 14.Rfd1 O-O 15.Bg5 Bxb3
16.Bxf6 Bxf6 17.cxb3 Qb6+ 18.Kh1 Qxb3 19.Nd5 Rfc8 20.Nxf6+ gxf6 21.Qh6 Qe6
22.Rd2 Rc6 23.Rg1 f5 24.Qxh5 fxe4 25.fxe4 Qg6 26.Qh4 Kg7 27.Rd3 Rh8 28.Qe7 Rh6
29.Rf1 Qe6 30.Qxb7 Rf6 31.Rg3+ Kf8 32.Rg1 Qc8 33.Qb3 Rc1 34.Rc3 Rxc3 35.bxc3 Qc6
36.Qb4 Rf4 37.Re1 Kg7 38.h3 a5 39.Qxa5 Rxe4 40.Rxe4 Qxe4 41.Qb4 Qe1+ 42.Kh2 d5
43.Qg4+ Kf6 44.h4 Ke7 45.h5 Qxc3 46.h6 e4 47.Qg7 Qe3 48.Qe5+ Kd7 49.Qxd5+ Ke7
50.Qe5+ Kd7 51.Qf6  1-0

[Event "Frankfurt-West Masters"]
[Site "Frankfurt"]
[Date "1999.06.29"]
[Round "3"]
[White "Morozevich, Alexander"]
[Black "Adams, Michael"]
[Result "1/2-1/2"]
[WhiteElo "2723"]
[BlackElo "2716"]

1.e4 e5 2.Nf3 Nc6 3.Bc4 Bc5 4.b4 Bb6 5.b5 Nd4 6.Nxd4 exd4 7.O-O Ne7 8.Qh5 O-O
9.d3 d6 10.Bg5 Be6 11.Nd2 Ba5 12.Qh4 Re8 13.Bxe6 fxe6 14.Nc4 Bc3 15.Rab1 Qd7
16.Qh3 Nc8 17.Bd2 Bxd2 18.Nxd2 a6 19.bxa6 Rxa6 20.Rb2 b5 21.Rfb1 Nb6 22.Rxb5 Rxa2
23.Rh5 g6 24.Rg5 Rea8 25.Qg4 Ra1 26.Qd1 Rxb1 27.Qxb1 Na4 28.Qb7 Rf8 29.Ra5 Nc5
30.Qb2 e5 31.Qa2+ Kh8 32.h3 Ne6 33.Ra8 Rxa8 34.Qxa8+ Kg7 35.g3 h5 36.h4 Qf7
37.Kg2 Qd7 38.Nf3 Nf4+ 39.gxf4 Qg4+ 40.Kf1 Qxf3 41.fxe5 dxe5 42.Qe8 Qf6 43.Qd7+ Kh6
44.Qxc7 g5 45.hxg5+ Kxg5 46.c4 dxc3 47.Qxc3 h4 48.Qc8 Qf7 49.Kg2 Qf6 50.Qg8+ Kh6
51.Qg4 Qd6 52.Qxh4+ Kg6 53.Qg4+ Kh6 54.Qf5 Kg7 55.Qg5+ Kf7 56.Qg3 Kf6 57.Kh3 Qd7+
58.Kg2 Qd6 59.Qf3+ Kg7 60.Kg3 Kh6 61.Qe3+ Kg6 62.Qe2 Kf6 63.Qh5 Kg7 64.f3 Kf8
65.Qf5+ Kg7 66.Kg4 Qd4 67.Kg5 Qe3+ 68.Kg4 Qg1+  1/2-1/2

[Event "Frankfurt-West Masters"]
[Site "Frankfurt"]
[Date "1999.06.30"]
[Round "5"]
[White "Morozevich, Alexander"]
[Black "Topalov, Veselin"]
[Result "0-1"]
[WhiteElo "2723"]
[BlackElo "2700"]

1.e4 c5 2.Nf3 d6 3.d4 cxd4 4.Nxd4 Nf6 5.Nc3 a6 6.f3 e6 7.Be3 b5 8.g4 h6 9.Qd2 Nbd7
10.O-O-O Bb7 11.Bd3 Rc8 12.Kb1 Ne5 13.Rhe1 Nfd7 14.f4 Nc4 15.Qe2 Nxe3 16.Qxe3 b4
17.Nd5 g5 18.Nf5 Rg8 19.Qa7 Nc5 20.Bxa6 Bxa6 21.e5 dxe5 22.Nde7 Qxe7 23.Nxe7 Bxe7
24.Rxe5 gxf4 25.Rxc5 Bxc5 26.Qxa6 Ke7 27.Qb7+ Kf6 28.Rd7 Rcf8 29.h3 h5 30.Qc7 Be3
31.Qd6 hxg4 32.hxg4 Rh8 33.Qe7+ Kg6 34.a4 bxa3 35.g5 Kf5 36.Qf6+ Kg4 37.Rd1 Rhg8
38.Qh6 Rb8 39.b3 Rxg5 40.Qh1 Rbg8 41.Ka2 Kf5 42.Rd7 Kg6 43.Qe4+ Kf6 44.Qb4 Rg2
45.Qe7+ Ke5 46.Rc7 f5 47.Rc6 R8g6 48.Kxa3 f3 49.Qc7+ Kf6 50.Qd8+ Ke5 51.Qh8+ Kf4
52.Qh4+ R2g4 53.Rc4+ Ke5 54.Qh8+ Rg7 55.Rxg4 fxg4 56.Qxg7+ Kf4 57.Qf6+ Kg3
58.Qxe6 Bc5+ 59.b4 f2 60.Qf5 Bd6 61.Kb3 Bf4 62.Qd3+ Kg2 63.Qe2 g3 64.b5 Kg1
65.Qg4 f1=Q 66.c4 Qd3+ 67.Kb4 Bd2+ 68.Kc5 g2 69.b6 Be3+ 70.Kc6 Bxb6 71.Kxb6 Kf2
72.Qf4+ Qf3 73.Qd4+ Qe3 74.Qxe3+ Kxe3 75.c5  0-1

[Event "Frankfurt-West Masters"]
[Site "Frankfurt"]
[Date "1999.06.30"]
[Round "7"]
[White "Morozevich, Alexander"]
[Black "Svidler, Peter"]
[Result "1/2-1/2"]
[WhiteElo "2723"]
[BlackElo "2713"]

1.e4 c5 2.Nf3 Nc6 3.d4 cxd4 4.Nxd4 Nf6 5.Nc3 d6 6.f3 e6 7.Be3 Be7 8.Qd2 O-O
9.O-O-O d5 10.Qe1 Bd7 11.Bf2 Qc7 12.Ndb5 Qf4+ 13.Kb1 dxe4 14.Bg3 Qh6 15.fxe4 Rad8
16.Be2 e5 17.Bf3 Be6 18.Nd5 Bc5 19.Rf1 Rd7 20.a3 Rfd8 21.Nxf6+ Qxf6 22.Nc3 Rxd1+
23.Bxd1 Qe7 24.Bh4 f6 25.Nd5 Qf7 26.g4 Bxd5 27.exd5 Qxd5 28.g5 f5 29.g6 Be7
30.gxh7+ Kh8 31.Be2 e4 32.Bxe7 Nxe7 33.Qc3 Qc6 34.Qb3 Rf8 35.Bb5 Qf6 36.Bc4 b6
37.Qa4 a5 38.Bb3 Kxh7 39.Qd7 Qe5 40.Rg1 Rf6 41.Qe8 Rg6 42.Rd1 Rd6 43.Qh5+ Rh6
44.Qe8 Rd6 45.Qh5+ Rh6 46.Qe8 Rd6  1/2-1/2

[Event "Frankfurt-West Masters"]
[Site "Frankfurt"]
[Date "1999.07.02"]
[Round "14"]
[White "Svidler, Peter"]
[Black "Morozevich, Alexander"]
[Result "1/2-1/2"]
[WhiteElo "2713"]
[BlackElo "2723"]

1.e4 e6 2.d4 d5 3.Nc3 Nf6 4.Bg5 Bb4 5.e5 h6 6.Bd2 Bxc3 7.Bxc3 Ne4 8.Ne2 O-O
9.Bb4 c5 10.Ba3 Nc6 11.f3 b5 12.fxe4 b4 13.Bxb4 Nxb4 14.c3 Nc6 15.exd5 Qxd5
16.dxc5 Qxc5 17.Nc1 Qxe5+ 18.Qe2 Qc7 19.Nd3 Ba6 20.O-O-O Rfd8 21.Qf2 Bc4
22.Qf4 Qxf4+ 23.Nxf4 Rxd1+ 24.Kxd1 Bxa2 25.Kc2 Rb8 26.b4 g5 27.Nh5 Kf8 28.Kb2 Bd5
29.Nf6 Ke7 30.Nxd5+ exd5 31.Be2 a5 32.Bf3 axb4 33.Bxd5 Ne5 34.cxb4 Rxb4+
35.Kc3 Ra4 36.Rf1 h5 37.Bb3 Re4 38.Bd5 Re2 39.Kd4 f6 40.Be4 h4 41.h3 Nf7
42.Ra1 Nd6 43.Bf3 Rd2+ 44.Kc3 Rf2 45.Kd3 f5 46.Ra5 Ke6 47.Bd5+ Kf6 48.Bf3 Rb2
49.Kd4 Rd2+ 50.Kc3 Rf2 51.Kd4  1/2-1/2

[Event "EUCup final 15th"]
[Site "Bugojno"]
[Date "1999.10.29"]
[Round "1"]
[White "Morozevich, Alexander"]
[Black "Azmaiparashvili, Zurab"]
[Result "1/2-1/2"]
[WhiteElo "2758"]
[BlackElo "2681"]

1.e4 d6 2.d4 g6 3.Nc3 Bg7 4.Be3 a6 5.f4 b5 6.Bd3 Bb7 7.Nf3 Nd7 8.e5 e6 9.a4 b4
10.Ne4 Nb6 11.Bd2 a5 12.Bb5+ Kf8 13.Qe2 Ne7 14.O-O Bc6 15.Bxc6 Nxc6 16.c3 Qd7
17.Rfc1 bxc3 18.Nxc3 Nb4 19.Nb5 N4d5 20.Rc2 Bh6 21.Rac1 Kg7 22.f5 exf5 23.Rxc7 Qe6
24.Bxh6+ Kxh6 25.Nxd6 Nxc7 26.Rxc7 Rhf8 27.Qd2+ Kg7 28.Nxf7 Rxf7 29.Ng5 Qa2
30.Rxf7+ Kg8 31.Rc7 Nd5 32.Rc1 Qxa4 33.h3 Qb3 34.Qf2 Rb8 35.Kh2 Qe3 36.Qxe3 Nxe3
37.Rc3 Nd5 38.Rc5 Nf4 39.Rc7 Rxb2 40.Nxh7 Rxg2+ 41.Kh1 Rd2  1/2-1/2

[Event "About.com/ICC GM m"]
[Site "ICC Internet"]
[Date "1999.11.06"]
[Round "1"]
[White "Morozevich, Alexander"]
[Black "Svidler, Peter"]
[Result "0-1"]
[WhiteElo "2758"]
[BlackElo "2684"]

1.f4 d5 2.Nf3 g6 3.g3 Bg7 4.Bg2 Nf6 5.O-O c5 6.d3 Nc6 7.Nc3 d4 8.Na4 Nd7
9.c4 O-O 10.e4 dxe3 11.Bxe3 Nd4 12.Rb1 Rb8 13.b4 Nxf3+ 14.Bxf3 cxb4 15.Rxb4 b6
16.d4 Nf6 17.Nc3 h5 18.d5 Ng4 19.Bd4 e5 20.fxe5 Nxe5 21.Bg2 Bg4 22.Qd2 Rc8
23.Nb5 a5 24.Rb3 Rxc4 25.Rf4 Qc8 26.Nd6 Rc1+ 27.Rf1 Rxf1+ 28.Bxf1 Qd8 29.Bxe5 Bxe5
30.Nc4 Bg7 31.Rxb6 Re8 32.Rc6 Re4  0-1

[Event "About.com/ICC GM m"]
[Site "ICC Internet"]
[Date "1999.11.06"]
[Round "2"]
[White "Svidler, Peter"]
[Black "Morozevich, Alexander"]
[Result "0-1"]
[WhiteElo "2684"]
[BlackElo "2758"]

1.Nf3 Nf6 2.g3 g6 3.Bg2 Bg7 4.c4 O-O 5.Nc3 d6 6.O-O Nc6 7.d4 a6 8.e3 Bd7
9.b3 e5 10.dxe5 dxe5 11.Ba3 Re8 12.Nd2 Bg4 13.Qc2 Qc8 14.Nd5 Bh3 15.Ne4 Nxe4
16.Qxe4 Bxg2 17.Kxg2 a5 18.Rfd1 Re6 19.Rd2 f5 20.Qh4 b6 21.Rad1 Qb7 22.Kg1 Rae8
23.Bb2 Rf8 24.Nf4 Re7 25.Nd5 Ref7 26.f3 Qc8 27.c5 b5 28.a4 b4 29.Qc4 h6 30.f4 Kh7
31.Qe2 Qe6 32.fxe5 Bxe5 33.Nf4 Qxb3 34.Qf3 Qxa4 35.Ne6 Re8 36.Rd7 Ree7 37.Rxe7 Rxe7
38.Nd8 Nxd8 39.Bxe5 Nf7 40.Bd4 Ng5  0-1

[Event "Corus"]
[Site "Wijk aan Zee NED"]
[Date "2000.01.15"]
[Round "1"]
[White "Leko,P"]
[Black "Morozevich,A"]
[Result "1/2-1/2"]
[WhiteElo "2725"]
[BlackElo "2748"]

1.e4 c5 2.Nf3 Nc6 3.d4 cxd4 4.Nxd4 Qb6 5.Nb3 Nf6 6.Nc3 e6 7.Bd3 d6 8.f4 Be7
9.Qf3 Nb4 10.Be3 Nxd3+ 11.cxd3 Qa6 12.O-O O-O 13.e5 Nd7 14.d4 Nb6 15.exd6 Bxd6
16.Nc5 Qa5 17.Rfc1 Nc4 18.N3e4 Nxe3 19.Nxd6 Nd5 20.f5 b6 21.Nb3 Qb4 22.Nxc8 Raxc8
23.Rxc8 Rxc8 24.fxe6 fxe6 25.Qe4 Re8 26.Rc1 h6 27.h3 Qd6 28.Rf1 a5 29.a3 Qg3
30.Nd2 Qe3+ 31.Qxe3 Nxe3  1/2-1/2

[Event "Corus"]
[Site "Wijk aan Zee NED"]
[Date "2000.01.19"]
[Round "4"]
[White "Morozevich,A"]
[Black "Korchnoi,V"]
[Result "1/2-1/2"]
[WhiteElo "2748"]
[BlackElo "2659"]

1.e4 e6 2.d4 d5 3.Nc3 Nf6 4.Bg5 dxe4 5.Nxe4 Nbd7 6.Nxf6+ Nxf6 7.Nf3 c5 8.Bc4 Qa5+
9.c3 Be7 10.O-O O-O 11.Re1 Rd8 12.Re5 Qb6 13.Qe2 h6 14.Bxf6 gxf6 15.Rh5 Bf8
16.dxc5 Qc7 17.Re1 Bg7 18.h3 b6 19.Nh2 Bb7 20.Ng4  1/2-1/2

[Event "Corus"]
[Site "Wijk aan Zee NED"]
[Date "2000.01.25"]
[Round "9"]
[White "Morozevich,A"]
[Black "Short,N"]
[Result "1/2-1/2"]
[WhiteElo "2748"]
[BlackElo "2683"]

1.e4 e5 2.Nf3 Nc6 3.d4 exd4 4.Nxd4 Bc5 5.Nxc6 Qf6 6.Qd2 bxc6 7.Nc3 d6 8.Na4 Bb6
9.Bd3 Ne7 10.O-O O-O 11.c3 Qg6 12.Re1 Bh3 13.Bf1 Be6 14.c4 c5 15.b3 f5 16.e5 dxe5
17.Ba3 Rad8 18.Qc3 Nc6 19.Bxc5 Rfe8 20.Rad1 Rxd1 21.Rxd1 f4 22.Re1 Bf5 23.b4 h5
24.f3 Bxc5+ 25.Nxc5 Nd4 26.Nb3 Kh7 27.c5 Qg5 28.Nxd4 exd4 29.Qd2 Re3 30.Rxe3 dxe3
31.Qd4 Bg6 32.g3 fxg3 33.h4 Qf5 34.Qxe3 Qf6 35.Bd3 Qxh4 36.Bxg6+ Kxg6 37.Qe8+ Kh6
38.Qh8+ Kg6 39.Qe8+ Kh6  1/2-1/2

[Event "Corus"]
[Site "Wijk aan Zee NED"]
[Date "2000.01.30"]
[Round "13"]
[White "Morozevich,A"]
[Black "Nikolic,Pr"]
[Result "1-0"]
[WhiteElo "2748"]
[BlackElo "2659"]

1.e4 e6 2.d3 d5 3.Qe2 dxe4 4.dxe4 e5 5.Nf3 Nd7 6.Nbd2 c6 7.b3 Qc7 8.Bb2 a5
9.g3 Nh6 10.Bh3 f6 11.a4 Bb4 12.O-O O-O 13.Nc4 Nf7 14.Ne1 Re8 15.Nd3 Bf8
16.Bc3 b6 17.Bd2 Nd6 18.Nxd6 Bxd6 19.Be3 Nf8 20.Bxc8 Raxc8 21.c3 Ne6 22.Rfd1 Rb8
23.b4 axb4 24.Nxb4 Bxb4 25.cxb4 c5 26.Rac1 Qc6 27.Qa2 Kh8 28.Rd5 Ra8 29.a5 Nc7
30.Rdd1 Qxe4 31.Qf7 Ne6 32.axb6 Qxb4 33.Rb1 Qa4 34.b7 Rab8 35.Rd7 Qc6 36.Bh6 Rg8
37.Rbd1 Rbf8 38.Bxg7+ Nxg7 39.Qxf8 Rxf8 40.Rd8 Ne6 41.Rxf8+ Nxf8 42.b8=Q Kg7
43.Qa7+ Kh6 44.Qf7  1-0

[Event "KasparovChess GP g/60"]
[Site "Internet"]
[Date "2000.02.11"]
[Round "1.2"]
[White "Morozevich,A"]
[Black "Milos,G"]
[Result "1-0"]
[WhiteElo "2748"]
[BlackElo "2620"]

1.e4 c5 2.Nf3 d6 3.d4 cxd4 4.Nxd4 Nf6 5.Nc3 Nc6 6.f3 e5 7.Nb3 h6 8.Be3 Be7
9.Qd2 a5 10.Na4 Nd7 11.Be2 O-O 12.O-O b6 13.Rfd1 Bb7 14.a3 Nc5 15.Nc3 a4
16.Nc1 f5 17.exf5 Rxf5 18.Bc4+ Kh8 19.N1e2 Na5 20.Ba2 Bf8 21.Ng3 Rf6 22.Nce4 Rg6
23.Bf7 Nxe4 24.Nxe4 Bxe4 25.fxe4 Rg4 26.Bd5 Rc8 27.Qd3 Rg6 28.Rf1 Nc6 29.Rf2 Be7
30.Raf1 Rf6 31.c3 Rxf2 32.Bxf2 Bg5 33.Qb5 Qd7 34.Qxa4  1-0

[Event "KasparovChess GP g/60"]
[Site "Internet"]
[Date "2000.02.15"]
[Round "2.2"]
[White "Morozevich,A"]
[Black "Piket,Je"]
[Result "1/2-1/2"]
[WhiteElo "2748"]
[BlackElo "2633"]

1.e4 e5 2.Nf3 Nc6 3.d4 exd4 4.Nxd4 Bc5 5.Nxc6 Qf6 6.Qd2 bxc6 7.Nc3 d6 8.Na4 Bb6
9.Bd3 Ne7 10.O-O O-O 11.Rb1 Qg6 12.Re1 Bh3 13.Bf1 Bd7 14.b3 Rad8 15.Bb2 c5
16.Re3 f6 17.Nxb6 axb6 18.c4 Qh6 19.Rd1 Rde8 20.Bc3 Bc6 21.Qb2 Ng6 22.Rde1 Re7
23.Bd2 Qh5 24.Be2 Qe5 25.Bc3 Qe6 26.Bf1 Rfe8 27.Qd2 Qf7 28.f3 Kf8 29.Qf2 Bb7
30.Bd3 Nf4 31.Bc2 Qg6 32.Qg3 Qxg3 33.hxg3 Ne6 34.Rd1 Ng5 35.g4 h6 36.Kf2 Ne6
37.Ree1 Kf7 38.Rd2 Nd8 39.Bd3  1/2-1/2